header

Linux command line and shell scripting bible (Record no. 37527)

MARC details
000 -LEADER
fixed length control field 01261nam a2200337Ia 4500
100 1# - MAIN ENTRY--AUTHOR NAME
Personal name Blum, Richard,
245 10 - TITLE STATEMENT
Title Linux command line and shell scripting bible
260 ## - PUBLICATION, DISTRIBUTION, ETC. (IMPRINT)
Place of publication Indianapolis, IN :
Name of publisher Wiley Pub.,
Year of publication c2008.
300 ## - PHYSICAL DESCRIPTION
Number of Pages xxx, 809 p. :
Other physical details ill.
500 ## - GENERAL NOTE
General note Includes index.
650 #0 - SUBJECT ADDED ENTRY--TOPICAL TERM
Topical Term Operating systems (Computers)
Topical Term Scripting languages (Computer science)
856 40 - ELECTRONIC LOCATION AND ACCESS
Uniform Resource Identifier http://site.ebrary.com/lib/rucke/Doc?id=10232720

No items available.

© 2026 Rongo University
Contact us: librarian | system librarian | Rongo university